Standards and low-cost ownership schemes (Record no. 69217)
[ view plain ]
| 000 -LEADER | |
|---|---|
| fixed length control field | 01035cam a2200217 4500 |
| 001 - CONTROL NUMBER | |
| control field | WB3801-28 |
| 008 - FIXED-LENGTH DATA ELEMENTS--GENERAL INFORMATION | |
| fixed length control field | 020108n2002 000 0 eng u |
| 035 ## - SYSTEM CONTROL NUMBER | |
| System control number | (Sirsi) u116190 |
| 245 ## - TITLE STATEMENT | |
| Title | Standards and low-cost ownership schemes |
| 260 ## - PUBLICATION, DISTRIBUTION, ETC. | |
| Date of publication, distribution, etc. | 2002 |
| 490 ## - SERIES STATEMENT | |
| Series statement | Inside Housing |
| Volume/sequential designation | 4 January 2002, 7(1) |
| 520 ## - SUMMARY, ETC. | |
| Summary, etc. | A report by the Joseph Rowntree Foundation reveals that in 2000 the demand for low-cost home ownership schemes in London was 31 times higher than the number of schemes available. The report recommends that housing associations involved in ownership schemes should meet strict performance standards to reduce the wide differences in the amounts paid by their residents. To obtain a copy of "Swamps and Alligators", priced £13.95, contact the Joseph Rowntree Foundation. T: +44 (0) 1904 430033. |
| 590 ## - LOCAL NOTE (RLIN) | |
| Local note | WB |
| 650 ## - SUBJECT ADDED ENTRY--TOPICAL TERM | |
| Topical term or geographic name entry element | JOSEPH ROWNTREE FOUNDATION |
| 650 ## - SUBJECT ADDED ENTRY--TOPICAL TERM | |
| Topical term or geographic name entry element | LOW-COST HOMES |
| 650 ## - SUBJECT ADDED ENTRY--TOPICAL TERM | |
| Topical term or geographic name entry element | HOME OWNERSHIP |
| 650 ## - SUBJECT ADDED ENTRY--TOPICAL TERM | |
| Topical term or geographic name entry element | HOUSING ASSOCIATIONS |
| 650 ## - SUBJECT ADDED ENTRY--TOPICAL TERM | |
| Topical term or geographic name entry element | STANDARDS |
| 690 ## - LOCAL SUBJECT ADDED ENTRY--TOPICAL TERM (OCLC, RLIN) | |
| Topical term or geographic name as entry element | HOUSING |
| 942 ## - ADDED ENTRY ELEMENTS (KOHA) | |
| Suppress in OPAC | 0 |
| Withdrawn status | Lost status | Source of classification or shelving scheme | Damaged status | Not for loan | Home library | Current library | Shelving location | Date acquired | Total Checkouts | Full call number | Barcode | Date last seen | Copy number | Price effective from | Koha item type |
|---|---|---|---|---|---|---|---|---|---|---|---|---|---|---|---|
| Dewey Decimal Classification | London | London | News article | 08/01/2002 | WB3801-28 | 116190-1001 | 06/08/2019 | 1 | 06/08/2019 | News article |